| 000 | 01058nam a2200313 a 4500 | ||
|---|---|---|---|
| 003 | OSt | ||
| 005 | 20210818181614.0 | ||
| 008 | 110524r2003 sp a jr 0001j spa d | ||
| 020 | _a8426132855 | ||
| 040 |
_bspa _aCOMFC _erda |
||
| 041 | 1 |
_aspa _heng |
|
| 100 | 1 |
_aCarroll, Lewis, _d1832-1898. _eaut |
|
| 245 | 1 | 4 |
_aAlicia en el país de las maravillas / _cLewis Carroll ; ilustraciones de Lola Anglada ; traducción de Juan Gutiérrez Gili |
| 260 |
_aBarcelona : _bEditorial Juventud, _c2003 |
||
| 300 |
_a147 páginas : _bilustraciones ; _c25 cm. |
||
| 336 |
_2rdacontent _atxt |
||
| 337 |
_2rdamedia _an |
||
| 338 |
_2rdacarrier _anc |
||
| 490 | 0 | _aColección Juventud | |
| 700 | 1 |
_aAnglada, Lola, _eill |
|
| 700 | 1 |
_aGutiérrez Gili, Juan, _etrl |
|
| 082 | 0 | 4 |
_a823.8 _bC318a |
| 650 | _aCuentos infantiles ingleses. | ||
| 650 | _aHistorias de aventuras. | ||
| 650 | 0 |
_aLiteratura Infantil _921349 |
|
| 650 | 0 |
_aNovela Inglesa _924859 |
|
| 942 |
_2ddc _h823.8 C318a _k823.8 _mC318a |
||
| 949 | _a | ||
| 999 |
_c11473 _d11473 |
||